000 00728cam a22002172 4500
001 0000006098
005 20151217152012.0
008 070913s xx 000 0 eng d
020 _a8120327381 :
040 _aKABU
_cKABU
245 1 0 _aBusiness ethics :
_bnew challenges for business schools and corporate leaders. /
_ced. by Robert A. Peterson and O. C. Ferrell.
260 _aNew Delhi :
_bA. K . Ghosh,
_c2005.
300 _axii, 286 p.
650 0 _aBusiness ethics.
_@0000149180
700 1 _aPeterson, Robert A.
_@0000157482
700 1 _aFerrell O. C.
_@0000157483
908 _a070913
950 _@1
999 _c7191
_d7191